Statistics for Countries With The Most Land Reclaimed

Click here to take the quiz!

General Stats

  • This quiz has been taken 77 times
  • The average score is 5 of 9

Answer Stats

Square kilometersAnswer% Correct
13,500China
91%
500Japan
82%
470United Arab Emirates
68%
7,000Netherlands
66%
1,550South Korea
55%
35Qatar
48%
135Singapore
48%
410Bahrain
43%
110Bangladesh
27%

Score Distribution

Percentile by Number Answered

Percent of People with Each Score

Your Score History

You have not taken this quiz